01826cam a22003015a 45000010009000000050017000090080041000260200029000670400028000960820021001241000028001452450121001732600063002943000052003575000023004095040041004325200653004736500042011266500033011686500050012016500049012516530020013006550024013207000021013449420008013659990017013739520134013901714568220150527122228.0120202t2012 fluadk frb 001 0 eng d a9781439868874 (hardback) aDLCcDLCdDLCdEG-ScBUE00a363.702222bTHE1 aTheodore, Louis.93676810aEnvironmental health and hazard risk assessment :bprinciples and calculations /cLouis Theodore and R. Ryan Dupont. aBoca Raton :bCRC Press / Taylor & Francis Group,cc.2012. axxiv, 612 p. :bcharts, forms, tables ;c24 cm. aIndex : p.593-612. aIncludes bibliographical references. a"With the rise and expansion of the chemical and petroleum industries, so has there been a rise and expansion in related human health problems as well as human, material, and property losses due to fires, explosions, hazardous and toxic spills, equipment failures, and other accidents. This much-needed overview examines the fundamentals of health, safety, and accident management. It draws parallels between theoretical and real-world environmental problems as they relate to both human and environmental risk and offers in-depth guidance on human chemical exposure, emergency preparedness and response, environmental regulations, and much more"-- 0aHealth risk assessment.2BUEsh931739 0aEnvironmental health.2BUEsh 0aHazardous substancesxRisk assessment.2BUEsh 0aEnvironmental risk assessment.2BUEsh911942 bENGGENcMay2015 vreading book9342321 aDupont, R. Ryan. 2ddc c19463d19435 00102ddc40708BaccahaMAINbMAINc1STd2015-05-27epurchasel1m4o363.702 THEp000038344r2025-07-15 00:00:00s2019-09-28yBB